Quy định mới về quản lý biên giới quốc gia

Gồm những văn bản của Nhà nước, cán bộ về quản lí biên giới quốc gia: Qui chế cửa khẩu biên giới đất liền, hướng dẫn thực hiện nghị định CP về quy chế xử phạt vi phạm hành chính trên các vùng biển và thềm lục địa Việt Nam, chính s...

全面介紹

Đã lưu trong:
書目詳細資料
格式: 圖書
語言:Undetermined
出版: Hà Nội Chính trị Quốc gia 2006
主題:
標簽: 添加標簽
沒有標簽, 成為第一個標記此記錄!
Thư viện lưu trữ: Trung tâm Học liệu Trường Đại học Cần Thơ
LEADER 00972nam a2200181Ia 4500
001 CTU_115578
008 210402s9999 xx 000 0 und d
020 |c 8000 
082 |a 341.42 
082 |b Qu600 
245 0 |a Quy định mới về quản lý biên giới quốc gia 
260 |a Hà Nội 
260 |b Chính trị Quốc gia 
260 |c 2006 
520 |a Gồm những văn bản của Nhà nước, cán bộ về quản lí biên giới quốc gia: Qui chế cửa khẩu biên giới đất liền, hướng dẫn thực hiện nghị định CP về quy chế xử phạt vi phạm hành chính trên các vùng biển và thềm lục địa Việt Nam, chính sách hỗ trợ di dân ổn định dân cư các xã biên giới Việt-Trung. 
650 |a Boundaries, state 
904 |i Giang 
980 |a Trung tâm Học liệu Trường Đại học Cần Thơ